A sociology of belief / (Record no. 1563)
[ view plain ]
| 000 -LEADER | |
|---|---|
| fixed length control field | 00896cam a2200301 i 4500 |
| 001 - CONTROL NUMBER | |
| control field | 1563 |
| 003 - CONTROL NUMBER IDENTIFIER | |
| rucl marc code | BD-RjUL |
| 005 - DATE AND TIME OF LATEST TRANSACTION | |
| control field | 20211208233347.0 |
| 008 - FIXED-LENGTH DATA ELEMENTS--GENERAL INFORMATION | |
| fixed length control field | 131208s1975 nyu b 001 0 eng |
| 020 ## - INTERNATIONAL STANDARD BOOK NUMBER | |
| International Standard Book Number | 0471088951 |
| 035 ## - SYSTEM CONTROL NUMBER | |
| System control number | (BD-RjUL)1588 |
| 040 ## - CATALOGING SOURCE | |
| Original cataloging agency | DLC |
| Transcribing agency | DLC |
| Modifying agency | DLC |
| -- | BD-RjUL |
| Language of cataloging | eng |
| 041 ## - LANGUAGE CODE | |
| Language code of text/sound track or separate title | eng |
| 082 00 - DEWEY DECIMAL CLASSIFICATION NUMBER | |
| Classification number | 301.21 |
| Author mark and year | BOS 1975 |
| 100 1# - MAIN ENTRY--PERSONAL NAME | |
| Personal name | Borhek, James T., |
| Dates associated with a name | 1930- |
| 9 (RLIN) | 5164 |
| 245 12 - TITLE STATEMENT | |
| Title | A sociology of belief / |
| Statement of responsibility, etc. | James T. Borhek, Richard F. Curtis. |
| 260 ## - PUBLICATION, DISTRIBUTION, ETC. (IMPRINT) | |
| Place of publication, distribution, etc. | New York : |
| Name of publisher, distributor, etc. | Wiley, |
| Date of publication, distribution, etc. | c1975. |
| 300 ## - PHYSICAL DESCRIPTION | |
| Pagination | xiv, 201 p. ; |
| Size | 22 cm. |
| 500 ## - GENERAL NOTE | |
| General note | "A Wiley-Interscience publication." |
| General note | Includes indexes. |
| 504 ## - BIBLIOGRAPHY, ETC. NOTE | |
| Bibliography, etc | Bibliography: p. 183-193. |
| 650 #0 - SUBJECT ADDED ENTRY--TOPICAL TERM | |
| Topical term or geographic name as entry element | Belief and doubt. |
| 9 (RLIN) | 5165 |
| Topical term or geographic name as entry element | Knowledge, Sociology of. |
| 9 (RLIN) | 5166 |
| 700 1# - ADDED ENTRY--PERSONAL NAME | |
| Personal name | Curtis, Richard Farnsworth, |
| Dates associated with a name | 1931- |
| Relator term | joint author. |
| 942 ## - ADDED ENTRY ELEMENTS (KOHA) | |
| Source of classification or shelving scheme | Dewey Decimal Classification |
| Koha item type | Books |
| Lost status | Source of classification or shelving scheme | Damaged status | Not for loan | Collection code | Permanent Location | Current Location | Shelving location | Date acquired | Source of acquisition | Cost, normal purchase price | Total Checkouts | Full call number | Date last seen | Copy number | Koha item type |
|---|---|---|---|---|---|---|---|---|---|---|---|---|---|---|---|
| Dewey Decimal Classification | Not For Loan | Non-fiction | Central Library, University of Rajshahi | Central Library, University of Rajshahi | Reading Room | 22/03/1980 | Heffers. | 8.10 | 301.21 BOS 1975 | 08/12/2013 | C-1 | Books |